Vanaprastha: idondu atmanubhuti (Record no. 122134)

MARC details
000 -LEADER
fixed length control field 00943nam a2200301Ia 4500
003 - CONTROL NUMBER IDENTIFIER
control field OSt
005 - DATE AND TIME OF LATEST TRANSACTION
control field 20250813124646.0
008 - FIXED-LENGTH DATA ELEMENTS--GENERAL INFORMATION
fixed length control field 210210b2017 xxu||||| |||| 00| 0 eng d
020 ## - INTERNATIONAL STANDARD BOOK NUMBER
International Standard Book Number 9788184677089
040 ## - CATALOGING SOURCE
Transcribing agency AL
041 ## - LANGUAGE CODE
Language code of text/sound track or separate title Kannada
082 ## - DEWEY DECIMAL CLASSIFICATION NUMBER
Classification number K894.4 GANV
100 ## - MAIN ENTRY--PERSONAL NAME
Personal name GANESH DEVI
Dates associated with a name ಗಣೇಶ್ ದೇವಿ
9 (RLIN) 235326
245 ## - TITLE STATEMENT
Title Vanaprastha: idondu atmanubhuti
Remainder of title ವಾನಪ್ರಸ್ಥ: ಇದೊಂದು ಆತ್ಮಾನುಭೂತಿ
260 ## - PUBLICATION, DISTRIBUTION, ETC.
Place of publication, distribution, etc. Bengaluru
Name of publisher, distributor, etc. Navakaranataka Prakashana
Date of publication, distribution, etc. 2017
300 ## - PHYSICAL DESCRIPTION
Extent xvi,196
650 ## - SUBJECT ADDED ENTRY--TOPICAL TERM
Topical term or geographic name entry element Vanaprastha:
9 (RLIN) 235327
650 ## - SUBJECT ADDED ENTRY--TOPICAL TERM
Topical term or geographic name entry element Tr
9 (RLIN) 235328
650 ## - SUBJECT ADDED ENTRY--TOPICAL TERM
Topical term or geographic name entry element Pokale
9 (RLIN) 235329
650 ## - SUBJECT ADDED ENTRY--TOPICAL TERM
Topical term or geographic name entry element idondu
9 (RLIN) 235330
650 ## - SUBJECT ADDED ENTRY--TOPICAL TERM
Topical term or geographic name entry element Chandrakanta
9 (RLIN) 235331
650 ## - SUBJECT ADDED ENTRY--TOPICAL TERM
Topical term or geographic name entry element by
9 (RLIN) 235332
650 ## - SUBJECT ADDED ENTRY--TOPICAL TERM
Topical term or geographic name entry element atmanubhuti
9 (RLIN) 235333
690 ## - LOCAL SUBJECT ADDED ENTRY--TOPICAL TERM (OCLC, RLIN)
Topical term or geographic name as entry element Kannada Prose
9 (RLIN) 235334
700 ## - ADDED ENTRY--PERSONAL NAME
Personal name Chandrakanta Pokale
Dates associated with a name ಚಂದ್ರಕಾಂತ ಪೋಕಳೆ tr
9 (RLIN) 235335
906 ## - LOCAL DATA ELEMENT F, LDF (RLIN)
a 072227
942 ## - ADDED ENTRY ELEMENTS (KOHA)
Source of classification or shelving scheme Dewey Decimal Classification
Koha item type Book
Holdings
Withdrawn status Lost status Source of classification or shelving scheme Damaged status Not for loan Collection code Home library Current library Shelving location Date acquired Source of acquisition Cost, normal purchase price Total Checkouts Full call number Barcode Date last seen Price effective from Koha item type
    Dewey Decimal Classification     Kannada St Aloysius Library St Aloysius Library   02/17/2021 Navakarnataka Publication Pvt Ltd Mangalore 160.00   K894.4 GANV 072227 02/17/2021 02/17/2021 Book